[Event "84th Annual Southwest Open"]
[Site "Irving"]
[Date "2018.09.02"]
[Round "5"]
[White "Rozman, Levy"]
[Black "Daggupati, Balaji"]
[Result "1/2-1/2"]
[WhiteElo "2421"]
[BlackElo "2226"]
[Annotator "TA"]
[PlyCount "179"]
[EventDate "2018.08.31"]
[EventType "swiss"]
[EventCountry "USA"]
[SourceTitle "playchess.com"]
[Source "ChessBase"]
[SourceQuality "1"]

{[%evp 21,179,14,15,4,2,-6,10,0,0,0,0,-4,0,0,0,0,41,7,0,0,69,29,31,25,44,44,41,35,36,27,39,0,0,0,0,0,14,4,27,0,66,61,59,59,60,62,61,68,79,85,210,209,211,214,182,77,112,93,144,79,109,107,93,94,98,102,89,86,95,97,280,289,274,278,253,101,95,90,298,283,684,675,661,620,554,545,2910,1798,29987,29988,29991,29992,29992,29991,29991,0,29992,891,5635,5631,1608,1218,1174,1168,1084,1058,957,894,29961,29958,12812,371,1081,554,484,443,443,443,443,443,443,443,619,443,443,421,348,0,118,118,443,443,443,443,443,0,443,443,1294,443,443,443,443,443,443,443,443,443,443,8,14,8,443,118,118,118,443,-29989,29995,-29985]} 1. Nf3 d5 2. g3 Bg4 3. Bg2 Nd7 4. c4 e6 5. cxd5 exd5 6. O-O c6 7. d3 Bd6 8. h3 Bh5 9. e4 Ne7 10. Nc3 O-O {A11: English Opening: 1...c6} 11. g4 (11. Qc2 Rc8 12. Ne2 f6 13. Nf4 Bf7 14. Nd4 Re8 15. Rd1 Qb6 16. Nb3 d4 17. Nd2 Qa6 18. b3 {1-0 (43) Movsesian,S (2658)-Brunello,S (2553) Douglas 2015}) 11... Bg6 {LiveBook: 3 Games} 12. Nh4 dxe4 {The position is equal.} 13. dxe4 Qc7 14. f4 $146 {Threatens to win with f5.} ({Predecessor:} 14. Nf5 Bxf5 15. exf5 Rad8 {1-0 (32) Obukhov,A (2453)-Palekha,A (2409) St Petersburg 2002}) 14... f6 15. Be3 Bf7 16. Qe2 Bc5 17. Rad1 a5 18. b3 b5 19. Kh1 Bxe3 20. Qxe3 Ra7 (20... Rad8 $11) 21. Nf5 Nxf5 22. exf5 Nb6 {[%cal Bd7b6,Bb6d5,Bd5c3][%mdl 32]} 23. Rc1 Qb8 24. Bxc6 Rc7 $1 {[%cal Rc7c6]} 25. Bg2 b4 26. Ne4 (26. Ne2 {is interesting.} Nd5 27. Qf2 Nc3 28. Nxc3 Rxc3 29. Rcd1) 26... Nd5 27. Qd2 Rxc1 28. Qxc1 Rc8 29. Qd2 $1 Nc3 30. g5 (30. Rc1 $5 {[%cal Re4c3]}) 30... Qb5 (30... Rd8 $11 31. Qc2 Nxe4 32. Bxe4 Qd6) 31. Rc1 $1 $36 {[%mdl 2048] White has the initiative.} Qxf5 32. Nxc3 bxc3 33. Rxc3 Re8 34. Rg3 Qb1+ 35. Kh2 {gxf6 is the strong threat.} f5 (35... Qf5 $16) 36. Qxa5 $18 Re2 37. Qd8+ Be8 38. a4 (38. Qd5+ $1 $18 {is more deadly.} Bf7 39. Qa8+ Re8 40. Qa7) 38... Qe4 $16 39. Qb8 {Hoping for b4.} Kf7 40. Qc7+ ({White should try} 40. g6+ $1 hxg6 41. Qd6) 40... Kg8 {[#]} 41. Qe5 $1 Qc2 (41... Qxe5 42. fxe5) 42. Qd5+ Kf8 43. Qd6+ Kg8 44. Kg1 {Threatening mate with Bd5+.} Re1+ 45. Bf1 $1 Qe2 $2 (45... Bc6 $16) 46. Qd5+ $18 Bf7 {[%csl Ge2][%cal Re1f1]} 47. Qa8+ Be8 {[%csl Ge2][%cal Re1f1]} 48. Qg2 $2 (48. Qf3 $18 Qc2 49. Qf2) 48... Qd1 $16 49. Qf3 Qd4+ $2 (49... Qc1 $16 {might work better.}) 50. Qf2 $18 Qd1 $2 (50... Qb4 51. Re3 Rxe3 52. Qxe3 Bf7) 51. Re3 Rxe3 52. Qxe3 {[%cal Re3e8]} Bf7 53. a5 g6 54. a6 Bxb3 55. a7 Bd5 56. Qe8+ Kg7 57. Qe7+ Kg8 58. Qe8+ Kg7 {White must now prevent ...Qd4+.} 59. Qe5+ (59. Qd7+ $142 Kf8 60. a8=Q+ $1 {[%mdl 512]} Bxa8 61. Qxd1 Ke8 62. Bb5+ Kf7 63. Qd7+ Kg8 64. Bc4+ Bd5 65. Qxd5+ Kh8 66. Qg8#) 59... Kg8 60. a8=Q+ Bxa8 61. Qb8+ Kf7 62. Qa7+ Ke6 63. Qxa8 {White wants to mate with Qe8+.} Qd4+ 64. Kh1 Qxf4 65. Qc6+ Ke7 66. Qc5+ $2 (66. Qf6+ Kd7 67. Bb5+ Kc8 68. Qc6+ Kb8 69. Qc3) 66... Kd8 $2 (66... Ke6) 67. Qf8+ Kc7 68. Qe7+ Kb6 69. Bg2 Qc1+ 70. Kh2 Qf4+ 71. Kg1 Qd4+ 72. Kh1 Qf4 73. Qb7+ Ka5 {intending ...Qc1+.} 74. Qe7 $2 (74. Qa7+ $18 Kb4 75. Qe7+ Kb3 76. Bd5+ Kb2 77. Qb7+ (77. Qxh7 Qf1+ 78. Kh2 Qf4+ 79. Kg2 Qd2+ 80. Kg1 Qd4+ 81. Kf1 Qxd5 $11) 77... Kc1 78. Bg2) 74... Kb6 $1 $16 75. Qe6+ Ka5 $2 {[%mdl 8192]} (75... Kc7 $16 76. Qc6+ Kd8 77. Qd5+ Ke7 78. Qb7+ Kd8 79. Qa8+ Ke7 80. Qa7+ Ke6 81. Qb6+ Ke7 82. Qa7+ Ke6 83. Qa6+ Ke7 84. Qa7+) 76. Qe1+ $18 Kb6 77. Qg1+ Ka5 78. Qe1+ Kb6 $1 79. h4 h6 {[#]} (79... Kc7 $142 80. Qa5+ Kd7 81. Qd5+ Ke7 82. Qc5+ Kd8 83. Qa5+ Kd7 84. Qa7+ Kd8 85. Qb6+ (85. Qxh7 Qc1+ 86. Kh2 Qf4+ 87. Kg1 Qe3+ 88. Kf1 Qd3+ 89. Kf2 Qd4+ 90. Kf3 Qe4+ 91. Kf2 Qd4+ 92. Ke2 Qb2+ 93. Kf3 Qc3+ 94. Kf4 Qd4+ 95. Kg3 Qg4+ 96. Kf2 Qd4+ $11) 85... Ke7 86. Qf6+ Kd7 87. Qg7+ Kd6 88. Qf8+ (88. Qxh7 Qc1+ 89. Kh2 Qf4+ 90. Kh1 Qc1+ 91. Kh2 Qf4+ 92. Kh1 $11) 88... Kd7 89. Qf7+ Kd6 90. Qd5+ (90. Qxh7 Qc1+ 91. Kh2 Qf4+ 92. Kh1 Qc1+ 93. Kh2 Qf4+ 94. Kg1 Qe3+ 95. Kh1 Qc1+ $11) 90... Ke7 91. Qb7+ Kf8 92. Qc8+ (92. Qxh7 Qc1+ 93. Kh2 Qf4+ 94. Kh1 Qc1+ 95. Kh2 Qf4+ 96. Kh1 $11) 92... Ke7 93. Qb7+ Kf8 94. Qa8+ (94. Qxh7 Qc1+ 95. Kh2 Qf4+ 96. Kg1 Qe3+ 97. Kh1 Qe1+ 98. Kh2 Qe5+ 99. Kh1 Qa1+ 100. Kh2 Qe5+ 101. Kg1 Qe3+ 102. Kh1 Qe1+ 103. Kh2 Qe5+ $11) 94... Ke7 95. Qa7+ Ke6 96. Qb6+ (96. Qxh7 Qc1+ 97. Kh2 Qf4+ 98. Kh1 Qc1+ 99. Kh2 Qf4+ 100. Kh1 $11) 96... Ke7 97. Qf6+ Kd7 98. Qc6+ Ke7 99. Qb7+) 80. gxh6 (80. h5 $142 $1) 80... Qxh6 81. Qb4+ Kc7 82. Kh2 Qe3 83. Qc4+ Kd6 84. Qc6+ Ke7 85. Qc7+ $2 (85. Qxg6 $18 {aiming for Qg5+.} Qe5+ 86. Qg3 Qxg3+ 87. Kxg3) 85... Kf6 $1 $11 86. Qd8+ Qe7 $2 {[%mdl 8192]} (86... Kg7 $1 $11 {and Black is okay.}) 87. Qh8+ $2 (87. Qxe7+ $18 {has better winning chances.} Kxe7 88. Kh3) 87... Qg7 $16 88. Qc8 {White threatens Qc3+ and mate.} Qe7 $2 {[%mdl 8192]} (88... Qa7 $16 {is tougher.} 89. Qc3+ Ke6) 89. Qe8 $4 {[%mdl 8192]} (89. Qc3+ $18 Qe5+ 90. Qxe5+ Kxe5 91. Bf1) 89... Kg7 $4 {[%mdl 8192]} (89... Qxe8 {and life is good for Black.} 90. Bf1 Qe1 91. Kg1 f4 92. h5 gxh5 93. Kg2 Qg3+ 94. Kh1 f3 95. Bh3 Qxh3+ 96. Kg1 Qg2#) 90. Qd7 $4 {[%mdl 40960] Precision: White = 49%, Black = 36%. . An unexpected result.} (90. Qxe7+ {was the only winning move.} Kh6 91. Qf8+ Kh7 92. Bd5 f4 93. Qg8+ Kh6 94. Qh8#) 1/2-1/2

[Event "84th Annual Southwest Open"]
[Site "Irving"]
[Date "2018.09.02"]
[Round "5"]
[White "Hilby, Craig"]
[Black "Preotu, Razvan"]
[Result "0-1"]
[WhiteElo "2420"]
[BlackElo "2513"]
[Annotator "TA"]
[PlyCount "86"]
[EventDate "2018.08.31"]
[EventType "swiss"]
[EventCountry "USA"]
[SourceTitle "playchess.com"]
[Source "ChessBase"]
[SourceQuality "1"]

{[%evp 20,86,12,0,0,-15,27,-12,0,0,0,0,-10,-13,0,0,211,202,195,184,339,39,24,0,0,0,0,0,0,0,0,0,0,0,0,0,337,317,512,486,462,0,0,-12,0,-166,-167,-260,-254,-226,-164,-167,-138,-198,-230,-212,-115,-432,-387,-1028,-997,-1704,-1546,-1068,-898,-2479,-1291,-1020,-729]} 1. e4 c5 2. Nf3 d6 3. d4 cxd4 4. Nxd4 Nf6 5. Nc3 a6 6. Be3 e6 7. g4 h6 8. Bg2 Nc6 9. h3 Ne5 10. O-O {B81: Sicilian Scheveningen: Keres Attack} g5 11. Qe2 {LiveBook: 5 Games} Nfd7 $146 ({Predecessor:} 11... h5 12. f3 Nfd7 13. b3 Ng6 14. Qd2 Be7 15. Nce2 Nde5 16. Ng3 hxg4 17. fxg4 {1-0 (35) Fedoseev,V (2674)-Shomoev,A (2578) Jurmala 2015}) 12. Rad1 {The position is equal.} b6 13. Nf5 exf5 14. exf5 Rb8 15. f4 gxf4 16. Bxf4 Qc7 17. Nd5 Qc5+ $2 (17... Qd8 $1 $11) 18. Be3 $1 $18 {[%cal Re3c5]} Qc4 {[#]} 19. Rd3 $1 {[%mdl 512]} Qxa2 $2 (19... Bb7) (19... Nxd3 20. cxd3) 20. Nb4 $2 (20. Bd4 $18 Kd8 21. Nb4 (21. Ra3 Qc4 $16)) 20... Qa4 $1 $14 {[%cal Ra4b4] [#]} 21. Nc6 $1 {[%mdl 512]} Nxc6 22. Bxc6 Qxc6 23. Bg5+ $1 Ne5 24. Qxe5+ $1 Kd7 25. Qf6 {[%csl Gg5][%cal Rf6d8]} (25. Qxh8 Bb7 $17) 25... hxg5 26. Qxf7+ Kd8 $1 27. Qf6+ Be7 $2 {[%mdl 8192]} (27... Kd7 $11 {and Black is okay.} 28. Qf7+ (28. Rc3 $2 Qe4 $19) 28... Kd8) 28. Qxh8+ $18 Kd7 $2 {[#]} (28... Qe8 {was worth a try.} 29. Qg7 Bd7) 29. Rff3 $1 {Hoping for f6.} ({Inferior is} 29. Re1 Qh1+ 30. Kf2 Qh2+ 31. Ke3 b5 $11) 29... d5 30. Qg7 $2 (30. Qe5 $18 Bc5+ 31. Kf1) 30... Qf6 $36 {[%mdl 2048] White is under pressure.} 31. Qg8 d4 32. Rfe3 $2 (32. Qc4 $11 Ke8 33. Qg8+ (33. Rxd4 Kf8 $15) 33... Qf8 34. Qc4) 32... Kc7 $19 33. Qc4+ (33. Re1 {is a better defense.} Bd7 34. Qc4+ Bc5 35. Qxa6) 33... Bc5 34. Re2 {And now b4 would win.} Bd7 35. Qxa6 Qc6 36. Qc4 (36. Qa7+ $17 {might work better.} Qb7 37. Qxb7+ Kxb7 38. Kg2) 36... Ra8 37. Re1 Qb5 (37... Ra4 $19 38. Qg8 {[#]} Be7 $1 {[%mdl 512]}) 38. Qf7 $2 {[%mdl 8192]} (38. Qd5 $17 {is more resistant.} Qa4 39. Rc1) 38... Qxb2 39. Qd5 $2 (39. Qc4 Qa2 40. Qxa2 Rxa2 41. f6) 39... Qxc2 {Black is clearly winning.} 40. Qxa8 Qxd3 41. Qa7+ Kc6 42. Qa8+ Kb5 {( -> ...Bc6)} 43. Qg2 Bc6 {Precision: White = 26%, Black = 54%.} 0-1

[Event "84th Annual Southwest Open"]
[Site "Irving"]
[Date "2018.09.02"]
[Round "5"]
[White "Stefanov, Emil"]
[Black "Vivekananthan, Anish"]
[Result "1/2-1/2"]
[WhiteElo "2407"]
[BlackElo "2132"]
[Annotator "TA"]
[PlyCount "129"]
[EventDate "2018.08.31"]
[EventType "swiss"]
[EventCountry "USA"]
[SourceTitle "playchess.com"]
[Source "ChessBase"]
[SourceQuality "1"]

{[%evp 20,129,60,52,60,33,45,39,42,36,45,7,11,4,3,5,13,0,0,0,0,-22,-13,-36,-14,-22,8,0,2,0,-5,-15,87,98,93,95,89,83,90,90,298,41,40,32,158,158,158,158,158,158,158,158,158,156,158,139,152,130,163,167,170,155,185,154,155,155,162,138,141,93,93,93,93,93,159,80,80,80,80,80,80,80,80,80,80,80,80,0,80,80,80,80,80,80,80,0,80,80,80,80,80,80,80,0,80,80,80,0,80,0,80,0]} 1. d4 Nf6 2. c4 e6 3. Nf3 d5 4. Nc3 Bb4 5. Qa4+ Nc6 6. e3 O-O 7. Bd2 Qe7 {D38: Queen's Gambit Declined: Ragozin Defence (4 Nf3 Bb4)} (7... dxc4 8. Bxc4 Bd6 9. e4 e5 10. dxe5 Nxe5 11. Nxe5 Bxe5 12. O-O-O Qe8 13. Qxe8 Rxe8 14. f3 Be6 15. Bxe6 Rxe6 {½-½ (67) Navara,D (2727)-Harikrishna,P (2732) Prague 2018}) 8. a3 Bxc3 9. Bxc3 Ne4 10. Qc2 Nxc3 11. Qxc3 {LiveBook: 5 Games} Nb8 12. Rc1 {cxd5 is the strong threat.} c6 13. Bd3 dxc4 $146 ({Predecessor:} 13... Nd7 14. O-O h6 15. Rfe1 {½-½ (24) Schmitzer,H (2250)-Tochtermann,G (1860) Bad Woerishofen 2000}) 14. Bxc4 Nd7 15. O-O b6 16. e4 Bb7 17. Rfe1 c5 18. d5 exd5 $1 19. exd5 Qd6 20. Nh4 {Black must now prevent Qxg7+!} g6 21. Re3 Qf6 (21... Nf6 {keeps more tension.} 22. Rd1 Rfe8 23. g3 Rxe3 24. Qxe3 Re8) 22. Nf3 Rad8 23. Rd1 $36 {[%mdl 2048] White has the initiative.} Rfe8 24. Rxe8+ Rxe8 25. Bb5 {aiming for Qxf6.} Qd6 (25... Rd8 $11 {remains equal.}) 26. Bxd7 $1 $16 Qxd7 27. Ne5 Qf5 28. d6 $1 Qg5 {[%csl Gb7][%cal Rg5g2]} 29. f3 Rxe5 $2 {[#]} (29... Qf6 $16 {was worth a try.} 30. d7 Rd8) 30. Qxe5 $2 (30. h4 $1 $18 {[%mdl 512]} Rd5 (30... Qxh4 31. d7) 31. hxg5 Rxd1+ 32. Kf2) 30... Qxe5 $14 31. d7 Qe3+ (31... Qxb2 $14 32. d8=Q+ Kg7) 32. Kh1 $16 Bxf3 33. d8=Q+ Kg7 34. Qd2 Qxd2 35. Rxd2 {[%mdl 4096] Endgame KR-KB} Bc6 36. Rd6 {[%mdl 1024] White has strong compensation.} Bb5 37. Rd8 Bc6 38. Rc8 Be4 39. Rc7 a5 40. Kg1 Kf6 41. Kf2 Ke6 42. Ra7 Bd3 43. Rb7 b5 44. Ra7 a4 45. Rc7 Kd5 46. Rxf7 h5 {[#]} (46... Kc4 $142) 47. Ke3 (47. Rf4 $142 $1) 47... Bf5 48. Rb7 Kc4 49. g3 Bg4 50. Kd2 Bf5 51. Rb6 Be4 52. Kc1 Bd3 53. Kd2 Be4 $1 54. Rb8 Bb1 55. h4 Be4 56. Re8 Bf5 57. Rb8 Be4 $1 58. Rb6 Bf5 59. Kc1 Be4 60. Rb8 Bd3 61. Kd2 ({Better is} 61. Rd8 $16) 61... Bb1 (61... Be4 $1 $11) 62. Rb7 Be4 63. Rb6 (63. Rc7 $16) 63... Bb1 (63... Bf5 $11) 64. Kc1 ({White should play} 64. Rf6 $16) 64... Bd3 (64... Be4 $1 $11 {keeps the balance.}) 65. Kd2 {Precision: White = 55%, Black = 55%.} (65. Ra6 $16) 1/2-1/2

[Event "84th Annual Southwest Open"]
[Site "Irving"]
[Date "2018.09.02"]
[Round "5"]
[White "Chua, Alexander"]
[Black "Stremavicius, Titas"]
[Result "1/2-1/2"]
[WhiteElo "2332"]
[BlackElo "2467"]
[Annotator "TA"]
[PlyCount "85"]
[EventDate "2018.08.31"]
[EventType "swiss"]
[EventCountry "USA"]
[SourceTitle "playchess.com"]
[Source "ChessBase"]
[SourceQuality "1"]

{[%evp 12,85,33,4,7,23,4,-2,0,-23,-24,-44,-50,-48,-48,-40,-33,-69,-35,-57,-50,-55,-54,-54,-71,-61,-51,-64,-40,-64,-51,-61,-61,-66,-61,-91,-78,-107,-111,-142,-99,-81,-66,-82,-61,-69,-71,-69,0,0,0,-27,-37,-46,-28,-31,0,0,14,13,17,14,22,7,7,8,8,8,15,0,0,0,0,0,0,0]} 1. d4 Nf6 2. c4 e6 3. g3 d5 4. Bg2 dxc4 5. Nf3 a6 6. O-O Nc6 7. Qc2 {LiveBook: 4 Games. E04: Open Catalan: 5 Nf3} (7. e3 Rb8 8. Qe2 b5 9. b3 cxb3 10. axb3 Bd6 11. Rd1 Qe7 12. Bb2 O-O 13. Rc1 Bb7 14. Ne5 Nb4 15. Bxb7 Rxb7 {1-0 (52) So,W (2778)-Mamedyarov,S (2808) Leuven 2018}) 7... Nxd4 8. Nxd4 Qxd4 9. Rd1 Qa7 $146 ({Predecessor:} 9... Qb6 10. Nd2 Bc5 11. Nxc4 Qa7 12. e3 O-O 13. a3 Bd7 14. b4 Be7 {0-1 (130) Parkhov,Y (2162)-Giesinger,E (2051) Poprad 2016}) 10. Qxc4 Bc5 11. e3 O-O 12. b4 Bd6 13. Bb2 e5 14. Nc3 b5 (14... Be6 $5 {[%cal Re6c4]} 15. Nd5 Nd7 $15) 15. Qh4 Bb7 16. Nd5 Nxd5 17. Bxd5 Bxd5 18. Rxd5 f6 {[%cal Bf7f6,Bf6f5][%mdl 32]} 19. Qe4 Qb8 20. a4 Kh8 21. h4 Qe8 22. Bc3 Qc6 23. Bd2 f5 24. Qd3 {[%cal Ra4b5]} bxa4 25. Ra5 Qf3 26. Qd5 Qe2 27. Bc3 Rad8 {aiming for ...f4.} 28. Qd1 Qc4 29. Qc1 Bxb4 (29... Qe4 $15 30. Qb2 Rd7) 30. Bxb4 $11 Qxb4 31. R5xa4 (31. Rxe5 {feels hotter.} Rd3 32. Qc2 Qb3 33. Qxc7 Qb2 34. Rxa4 Rd1+ 35. Kg2) 31... Qe7 32. Rc4 Rd7 33. Rxa6 Rfd8 34. Qc3 {The position is equal.} f4 35. exf4 exf4 36. Rxf4 Rd3 37. Qc6 R3d6 $132 {[%mdl 2048] Black is fighting back} 38. Qb7 Rxa6 39. Qxa6 Rf8 40. Rxf8+ Qxf8 41. Qc6 Qd8 42. h5 h6 43. Kg2 {Precision: White = 53%, Black = 75%.} 1/2-1/2

[Event "84th Annual Southwest Open"]
[Site "Irving"]
[Date "2018.09.02"]
[Round "5"]
[White "Yim, Sung Ho"]
[Black "Wang, Jason"]
[Result "1/2-1/2"]
[WhiteElo "2271"]
[BlackElo "2184"]
[Annotator "TA"]
[PlyCount "41"]
[EventDate "2018.08.31"]
[EventType "swiss"]
[EventCountry "USA"]
[SourceTitle "playchess.com"]
[Source "ChessBase"]
[SourceQuality "1"]

{[%evp 17,41,39,29,-2,0,4,10,-22,-22,-28,-27,-27,-13,-25,-28,-33,-35,-35,-43,-55,-55,-50,-57,-133,-50,-140]} 1. Nf3 d5 2. g3 Bg4 3. Bg2 Nd7 4. h3 Bh5 5. d4 e6 6. O-O {A07: Réti Opening: New York and Capablanca Systems} c6 7. c4 Bd6 {[%cal Bf8d6,Bd6c7,Bc7a5][%mdl 32]} (7... Be7 8. cxd5 exd5 9. Nc3 Bxf3 10. Bxf3 Ngf6 11. Bf4 O-O 12. e3 Re8 {½-½ (53) Harikrishna,P (2732)-Navara,D (2727) Prague 2018}) 8. Qb3 Rb8 9. Nc3 Ngf6 {LiveBook: 4 Games} 10. Re1 O-O 11. Nd2 $146 {[#]} ({Predecessor:} 11. e4 dxe4 12. Ng5 Bg6 13. Ngxe4 Nxe4 14. Nxe4 {1-0 (41) Mudrak,J (2368)-Gruca,M (2150) Stare Mesto 2006}) 11... b5 $1 {[%mdl 512]} 12. c5 (12. cxb5 c5) 12... Bc7 13. f4 Bg6 14. Nd1 h5 {And now ...h4! would win.} 15. Qf3 Ba5 16. Nf2 Ne4 17. Nfxe4 dxe4 18. Qa3 Nf6 19. e3 Nd5 20. Qb3 ({White should play} 20. h4 $15) 20... f5 ({Better is} 20... h4 $17 21. g4 f5) 21. Re2 {Precision: White = 31%, Black = 70%.} (21. h4 $1 $15) 1/2-1/2

[Event "84th Annual Southwest Open"]
[Site "Irving"]
[Date "2018.09.02"]
[Round "5"]
[White "Shen, Christopher"]
[Black "Matsenko, Sergei"]
[Result "0-1"]
[WhiteElo "2254"]
[BlackElo "2533"]
[Annotator "TA"]
[PlyCount "90"]
[EventDate "2018.08.31"]
[EventType "swiss"]
[EventCountry "USA"]
[SourceTitle "playchess.com"]
[Source "ChessBase"]
[SourceQuality "1"]

{[%evp 13,90,-12,-2,-38,-31,-38,-40,-62,-63,-71,-61,-85,-36,-83,-81,-89,-91,-81,-77,-72,-86,-104,-114,-119,-119,-105,-87,-178,-158,-233,-240,-233,-222,-275,-193,-191,-174,-153,-145,-145,-141,-233,-219,-250,-248,-227,-236,-343,-339,-426,-403,-484,-484,-544,-500,-518,-439,-557,-428,-532,-539,-497,-417,-457,-453,-433,-418,-716,-710,-687,-694,-672,-675,-897,-895,-886,-871,-5314,-2291]} 1. c4 c6 2. g3 d5 3. Nf3 Nf6 4. Bg2 Bf5 5. cxd5 cxd5 6. O-O Nc6 7. d4 e6 {LiveBook: 35 Games} 8. Qa4 {D13: Slav Defence: Exchange variation without ...Bf5} (8. Nc3 Be7 9. Bg5 O-O 10. e3 Ne4 {½-½ (10) Kozul,Z (2611)-Palac,M (2551) Pozega 2018}) 8... Nd7 {[%cal Bf6d7,Bd7b6,Bb6c4][%mdl 32]} 9. Nc3 $146 ({Predecessor:} 9. Bg5 Be7 10. Bxe7 Qxe7 11. Nc3 O-O 12. a3 Rfc8 13. Rfc1 a6 14. Qb3 b5 15. Qa2 Nb6 {½-½ (24) Wenner,T (2165)-Schroeder,V (2170) Viernheim 1999}) 9... Be7 10. Bf4 {Black is slightly better.} O-O 11. Qd1 Rc8 12. Rc1 Nb6 13. Na4 Nc4 14. b3 Nd6 15. Ne5 {[#]} Nxe5 $1 16. Bxe5 Nb5 17. Qd2 Rxc1 18. Rxc1 Ba3 19. Rd1 Qe7 20. Bf1 (20. e3 $17) 20... a6 $19 21. h4 (21. Bg2 $17) 21... Rc8 22. e4 Bxe4 23. Bd3 Bxd3 24. Qxd3 Na7 25. Bf4 b5 26. Nc3 Nc6 27. Qf3 (27. Nb1 $17) 27... Qf6 28. Qe3 h6 29. Kg2 Qf5 30. Nb1 (30. Qf3 $142) 30... Bb2 31. Bd6 {If White can now play Bc5 this consolidates a bit.} Bxd4 32. Qe2 e5 {[%cal Be6e5,Be5e4][%mdl 32]} 33. a4 Qe6 34. Ba3 Rb8 35. Qc2 e4 36. Bc5 Bxc5 37. Qxc5 bxa4 38. bxa4 d4 39. Rc1 Rc8 40. Nd2 (40. Qc4 $142 Qf5 41. Qe2) 40... Ne7 {Black is clearly winning.} 41. Qa3 Rxc1 42. Qxc1 e3 43. Nf3 Qe4 44. fxe3 Nf5 45. Qc8+ Kh7 {Precision: White = 30%, Black = 80%.} 0-1

[Event "84th Annual Southwest Open"]
[Site "Irving"]
[Date "2018.09.02"]
[Round "5"]
[White "Nguyen, Emily"]
[Black "Sanchez, Robert"]
[Result "1-0"]
[WhiteElo "2194"]
[BlackElo "1834"]
[Annotator "TA"]
[PlyCount "79"]
[EventDate "2018.08.31"]
[EventType "swiss"]
[EventCountry "USA"]
[SourceTitle "playchess.com"]
[Source "ChessBase"]
[SourceQuality "1"]

{[%evp 19,79,56,78,76,48,22,-3,-44,-26,-34,0,-6,70,72,79,64,154,0,49,46,122,38,186,212,176,186,274,257,267,244,370,360,366,372,362,368,356,361,354,356,331,107,102,20,24,7,22,10,37,38,78,78,81,76,113,109,100,118,127,60,221,225]} 1. d4 Nf6 2. Nf3 e6 3. c4 Bb4+ 4. Nbd2 b6 5. a3 Bxd2+ 6. Qxd2 Bb7 7. e3 Ne4 8. Qc2 O-O 9. Bd3 f5 10. O-O Rf6 {LiveBook: 5 Games. E14: Queen's Indian: Classical Variation (4 e3)} 11. Ne1 Rh6 12. f3 $146 ({Predecessor:} 12. g3 Rg6 13. f3 Ng5 14. e4 fxe4 15. fxe4 e5 16. d5 d6 17. Ng2 Rf6 18. Be3 {½-½ (80) Mkrtchian,L (2387)-Demina,J (2335) Sochi 2004}) 12... Qh4 {[%csl Gh6][%cal Rh4h2] The position is equal.} 13. h3 (13. g4 {keeps more tension.} Ng3 14. Rf2 fxg4 15. d5 Nh5 16. Ng2) 13... Ng3 14. Rf2 $1 Rg6 15. d5 Na6 ({Better is} 15... d6 $11) 16. b4 $14 Rf8 17. Bb2 Nh5 (17... d6 $14) 18. Kh2 $2 (18. g4 $16) 18... Qg3+ 19. Kh1 e5 {[#]} (19... c6 $14) 20. Rf1 (20. Kg1 $1 $16) 20... Qg5 (20... d6 $14) 21. Bxe5 $18 Qxe3 {[#]} 22. Bh2 $1 Qg5 (22... Rgf6 $142 23. g4 Nf4) 23. f4 Qf6 24. Nf3 d6 {[#]} (24... Nb8 $142 25. g4 fxg4) 25. g4 $1 {[%mdl 512]} fxg4 26. Bxg6 Qxg6 27. Qxg6 hxg6 28. hxg4 Nf6 29. g5 Ng4 30. Nd4 $2 (30. Rae1 $18 {and White stays clearly on top.}) 30... Ne3 $16 31. Rfc1 ({White should try} 31. Rfe1 $16 Nxc4 32. Nc6) 31... Nxc4 $1 $11 32. Nc6 Ne3 $1 33. Kg1 Nxd5 (33... Ra8 {is interesting.} 34. Ra2 Nxd5 35. Nd4 Ne3 36. Kf2 Nf5) 34. Nxa7 Nxf4 35. Bxf4 Rxf4 36. Nb5 Rg4+ 37. Kh2 Rxg5 38. Nxc7 Nb8 39. Ne8 ({White should play} 39. Ne6 $16 Rh5+ 40. Kg3) 39... Rd5 $2 (39... Rh5+ $1 $14 40. Kg3 Rg5+ 41. Kh4 Rh5+ 42. Kg4 Rd5) 40. Rc7 {Precision: White = 38%, Black = 23%.} 1-0